| 000 | 00701nam a22001937a 4500 | ||
|---|---|---|---|
| 999 |
_c177383 _d177383 |
||
| 005 | 20210219154110.0 | ||
| 010 | _aENG-129043 | ||
| 020 |
_c599.00 _a978-1-4721-4296-2 |
||
| 035 | _aEN-112575 | ||
| 037 | _bDBAD/PUB | ||
| 082 | _a304.62 | ||
| 100 | _aBricker, Darrell | ||
| 245 |
_aEmpty Planet: the shock of global population decline/ _cDarrell Bricker and John Ibbitson |
||
| 260 |
_aGurugram _bHachette Book Publishing India Pvt. Ltd. _c2019 |
||
| 270 |
_bGurugram _a4th/5th Floors, Corporate Centre, Plot No- 94, Sec- 44 _e122003 |
||
| 300 |
_a288p. _c24cm(pbk) _bIncluding bibliographical references and index. |
||
| 700 | _aIbbitson, John | ||
| 942 |
_2ddc _cEN _h304.62 _mBRI |
||